<?xml version="1.0" encoding="UTF-8"?><?xml-stylesheet type="text/xsl" href="static/style.xsl"?><OAI-PMH xmlns="http://www.openarchives.org/OAI/2.0/" xmlns:xsi="http://www.w3.org/2001/XMLSchema-instance" xsi:schemaLocation="http://www.openarchives.org/OAI/2.0/ http://www.openarchives.org/OAI/2.0/OAI-PMH.xsd"><responseDate>2026-04-17T20:46:12Z</responseDate><request verb="GetRecord" identifier="oai:www.recercat.cat:2445/223759" metadataPrefix="marc">https://recercat.cat/oai/request</request><GetRecord><record><header><identifier>oai:recercat.cat:2445/223759</identifier><datestamp>2025-12-04T23:49:46Z</datestamp><setSpec>com_2072_1057</setSpec><setSpec>col_2072_478823</setSpec><setSpec>col_2072_478904</setSpec><setSpec>col_2072_478917</setSpec></header><metadata><record xmlns="http://www.loc.gov/MARC21/slim" xmlns:dcterms="http://purl.org/dc/terms/" xmlns:xsi="http://www.w3.org/2001/XMLSchema-instance" xmlns:doc="http://www.lyncode.com/xoai" xsi:schemaLocation="http://www.loc.gov/MARC21/slim http://www.loc.gov/standards/marcxml/schema/MARC21slim.xsd">
   <leader>00925njm 22002777a 4500</leader>
   <datafield ind2=" " ind1=" " tag="042">
      <subfield code="a">dc</subfield>
   </datafield>
   <datafield ind2=" " ind1=" " tag="720">
      <subfield code="a">Bosch i Ramon, Valentí</subfield>
      <subfield code="e">author</subfield>
   </datafield>
   <datafield ind2=" " ind1=" " tag="720">
      <subfield code="a">Khangulyan, Dmitry</subfield>
      <subfield code="e">author</subfield>
   </datafield>
   <datafield ind2=" " ind1=" " tag="260">
      <subfield code="c">2025-10-20T17:41:13Z</subfield>
   </datafield>
   <datafield ind2=" " ind1=" " tag="260">
      <subfield code="c">2025-10-20T17:41:13Z</subfield>
   </datafield>
   <datafield ind2=" " ind1=" " tag="260">
      <subfield code="c">2025-08</subfield>
   </datafield>
   <datafield ind2=" " ind1=" " tag="260">
      <subfield code="c">2025-10-20T17:41:13Z</subfield>
   </datafield>
   <datafield ind2=" " ind1=" " tag="520">
      <subfield code="a">Conntext. Gamma-ray binaries present emission that is variable and can reach ultra-high energies. The processes behind the acceleration of the particles that produce this very energetic radiation are yet to be understood. Aims. We probe the properties of the particle accelerator and the ultra-high-energy photon emitter in the gamma-ray binary LS 5039. Methods. From the properties of the binary system and the ultra-high-energy radiation detected by HAWC, we used analytical tools to investigate how these properties constrain the emission and acceleration regions, namely the role of synchrotron losses, particle confinement, and the accelerated particle spectrum, and propose an acceleration scenario that can relax the derived constraints. Results. The modest target densities for hadronic processes and the overall gamma-ray orbital variability favor inverse Compton scattering of ultraviolet photons from the massive companion star by highly relativistic electrons. The acceleration of the highest energy electrons implies a constraint on synchrotron cooling in the acceleration region, which can set an upper limit on its magnetic field. Moreover, the detected variability requires very strong particle confinement in both the acceleration and emission regions, which sets a lower limit on their magnetic fields that is barely consistent with the synchrotron cooling constraint from acceleration. Synchrotron losses may be higher in the emitting region if it is separated from the accelerator, but this requires a very hard particle injection spectrum. An accelerator based on an ultrarelativistic magnetized outflow can alleviate these requirements. Conclusions. A scenario for LS 5039 of the kind proposed by Derishev and collaborators, in which an ultrarelativistic magnetized outflow accelerates leptons injected within the outflow by γγ absorption, provides a viable mechanism to accelerate very energetic electrons. This mechanism relaxes the acceleration and confinement requirements by reducing the impact of synchrotron cooling, and can generate the required particle spectrum.</subfield>
   </datafield>
   <datafield tag="653" ind2=" " ind1=" ">
      <subfield code="a">Astrofísica</subfield>
   </datafield>
   <datafield tag="653" ind2=" " ind1=" ">
      <subfield code="a">Estels binaris de raigs X</subfield>
   </datafield>
   <datafield tag="653" ind2=" " ind1=" ">
      <subfield code="a">Raigs gamma</subfield>
   </datafield>
   <datafield tag="653" ind2=" " ind1=" ">
      <subfield code="a">Astrophysics</subfield>
   </datafield>
   <datafield tag="653" ind2=" " ind1=" ">
      <subfield code="a">X-ray binaries</subfield>
   </datafield>
   <datafield tag="653" ind2=" " ind1=" ">
      <subfield code="a">Gamma rays</subfield>
   </datafield>
   <datafield ind2="0" ind1="0" tag="245">
      <subfield code="a">The production of orbitally modulated UHE photons in LS 5039</subfield>
   </datafield>
</record></metadata></record></GetRecord></OAI-PMH>